Council regulation (EC) No 1346/2000 of 29 May 2000 on insolvency proceedings (Record no. 103292)
[ view plain ]
| 000 -LEADER | |
|---|---|
| fixed length control field | 01374cam a2200253 4500 |
| 001 - CONTROL NUMBER | |
| control field | J124839 |
| 008 - FIXED-LENGTH DATA ELEMENTS--GENERAL INFORMATION | |
| fixed length control field | 111205n2000 000 0 eng u |
| 035 ## - SYSTEM CONTROL NUMBER | |
| System control number | (Sirsi) u124839 |
| 041 ## - LANGUAGE CODE | |
| Language code of text/sound track or separate title | eng |
| 050 ## - LIBRARY OF CONGRESS CALL NUMBER | |
| Classification number | 343.41078 |
| -- | 18 |
| 110 ## - MAIN ENTRY--CORPORATE NAME | |
| Corporate name or jurisdiction name as entry element | European Union |
| 245 ## - TITLE STATEMENT | |
| Title | Council regulation (EC) No 1346/2000 of 29 May 2000 on insolvency proceedings |
| 260 ## - PUBLICATION, DISTRIBUTION, ETC. | |
| Place of publication, distribution, etc. | Brussels |
| Name of publisher, distributor, etc. | Europa |
| Date of publication, distribution, etc. | 2000 |
| 490 ## - SERIES STATEMENT | |
| Series statement | Regulation (EC) |
| Volume/sequential designation | 1346/2000 |
| 520 ## - SUMMARY, ETC. | |
| Summary, etc. | Known as the EC Regulation on Insolvency Proceedings 2000. The proceedings introduces an ordered regime governing the administration of the affairs of an insolvent which extend into more than one member state of the European Union. They ensure the recognition of a court order in bankruptcy or an order or resolution for winding up without further formality and define the roles of the office holders where more than one set of insolvency proceedings involving the same debtor have been instituted in different member states. |
| 650 ## - SUBJECT ADDED ENTRY--TOPICAL TERM | |
| Topical term or geographic name entry element | REGULATION (EC) 1346/2000 |
| 650 ## - SUBJECT ADDED ENTRY--TOPICAL TERM | |
| Topical term or geographic name entry element | CORPORATE INSOLVENCY |
| 650 ## - SUBJECT ADDED ENTRY--TOPICAL TERM | |
| Topical term or geographic name entry element | PERSONAL BANKRUPTCY |
| 650 ## - SUBJECT ADDED ENTRY--TOPICAL TERM | |
| Topical term or geographic name entry element | EUROPEAN UNION |
| 650 ## - SUBJECT ADDED ENTRY--TOPICAL TERM | |
| Topical term or geographic name entry element | REGULATIONS |
| 690 ## - LOCAL SUBJECT ADDED ENTRY--TOPICAL TERM (OCLC, RLIN) | |
| Topical term or geographic name as entry element | MANAGEMENT-BUSINESS MANAGEMENT |
| 856 ## - ELECTRONIC LOCATION AND ACCESS | |
| Uniform Resource Identifier | <a href="https://eur-lex.europa.eu/LexUriServ/LexUriServ.do?uri=OJ:L:2000:160:0001:0018:en:PDF">https://eur-lex.europa.eu/LexUriServ/LexUriServ.do?uri=OJ:L:2000:160:0001:0018:en:PDF</a> |
| Public note | View the Council regulation free of charge at http://eur-lex.europa.eu |
| 942 ## - ADDED ENTRY ELEMENTS (KOHA) | |
| Suppress in OPAC | 0 |
| Withdrawn status | Lost status | Source of classification or shelving scheme | Damaged status | Not for loan | Home library | Current library | Shelving location | Date acquired | Total Checkouts | Full call number | Barcode | Date last seen | Copy number | Price effective from | Koha item type |
|---|---|---|---|---|---|---|---|---|---|---|---|---|---|---|---|
| Dewey Decimal Classification | Virtual | Virtual | Online | 13/01/2004 | ONLINE PUBLICATION | 124839-2001 | 06/08/2019 | 1 | 06/08/2019 | Book |